[Event "Karnataka State Open-ch 2018"]
[Site "Bengaluru"]
[Date "2018.04.15"]
[Round "4"]
[White "Shree Krishna Pranama"]
[Black "Sanjay, N."]
[Result "0-1"]
[WhiteElo "1572"]
[BlackElo "2346"]
[Annotator "TA"]
[PlyCount "56"]
[EventDate "2018.??.??"]
[EventType "swiss"]
[EventCountry "IND"]
[SourceTitle "playchess.com"]
[Source "ChessBase"]
[SourceQuality "1"]

{[%evp 21,56,51,54,11,24,12,29,17,25,22,87,64,67,22,14,17,8,0,0,0,0,0,0,0,0,0,52,50,84,68,99,-45,-56,-1116,-1116,-832,-818]} 1. d4 Nf6 2. Nf3 e6 3. c4 d5 4. Nc3 Bb4 5. cxd5 exd5 6. Bg5 Nbd7 7. e3 c5 8. Bd3 Qa5 9. Qc2 c4 {D38: Queen's Gambit Declined: Ragozin Defence (4 Nf3 Bb4)} 10. Bf5 g6 (10... O-O 11. O-O Re8 12. Nd2 g6 13. Bh3 Kg7 14. Rfb1 h6 15. Bh4 g5 16. Bxd7 Bxd7 17. Bg3 Kg8 18. a3 Bf8 19. b3 cxb3 20. Nxb3 Qd8 21. Be5 Rc8 {1-0 (40) Korobov,A (2652)-Mamedyarov,S (2799) Huaian 2017}) 11. Bxd7+ Nxd7 {LiveBook: 15 Games. White is slightly better.} 12. Bh6 (12. e4 {NOTEXT} Nb6 13. O-O O-O 14. e5 Bf5 15. Qc1) 12... Nb6 13. O-O Bxc3 14. bxc3 Bf5 15. Qb2 O-O-O (15... Rg8 $1 $11) 16. Ne5 Be6 $1 17. a4 $146 ({Find the theoretical novelty and annotate with similar games:} 17. Bg5) 17... f6 18. Nf3 {And now Bg7 would win.} Rhg8 19. Qb5 Qxb5 $1 20. axb5 g5 $1 $36 {[%mdl 2048] Hoping for ...Bg4. Black has good play.} 21. h4 {[%cal Rh4g5]} Rg6 22. hxg5 fxg5 23. Bxg5 Rdg8 ({Black should play} 23... Bg4 $1 $11 24. Bxd8 Bxf3 25. Bxb6 Rxg2+ 26. Kh1 Rxf2+ 27. Kg1 Rg2+ 28. Kh1 Ra2+ 29. Kg1 Rg2+ 30. Kh1 Rf2+ 31. Kg1 Rg2+) 24. Bf4 $1 $14 {[#] Black must now prevent g3.} ({Inferior is} 24. Rxa7 Bg4 $17) 24... Rxg2+ 25. Kh1 R2g7 {White should prevent ...Bh3.} 26. Rxa7 (26. Rfe1 $16) 26... Bh3 $15 27. Re1 $2 {[%mdl 8192]} (27. Rg1 $15) 27... Bg2+ $19 28. Kh2 Bxf3 {Precision: White = 33%, Black = 79%.} 0-1

[Event "Karnataka State Open-ch 2018"]
[Site "Bengaluru"]
[Date "2018.04.15"]
[Round "4"]
[White "Arun Kumar P"]
[Black "Manjunath, J."]
[Result "0-1"]
[WhiteElo "1545"]
[BlackElo "1986"]
[Annotator "NA"]
[PlyCount "60"]
[EventDate "2018.??.??"]
[EventType "swiss"]
[EventCountry "IND"]
[SourceTitle "playchess.com"]
[Source "ChessBase"]
[SourceQuality "1"]
[TimeControl "5400+30"]

1. e4 {[%emt 0:00:00]} c5 {[%emt 0:06:16]} 2. Nf3 {[%emt 0:00:00]} d6 {[%emt 0:00:06]} 3. c3 {[%emt 0:00:28]} Nf6 {[%emt 0:00:29]} 4. Bb5+ {[%emt 0:00:28]} Nc6 {[%emt 0:00:25]} 5. d3 {[%emt 0:00:07]} Bd7 {[%emt 0:01:10]} 6. Bxc6 {[%emt 0:00:06]} Bxc6 {[%emt 0:00:43]} 7. Bg5 {[%emt 0:00:50]} e6 {[%emt 0:00:13]} 8. Nbd2 {[%emt 0:02:54]} Be7 {[%emt 0:00:24]} 9. a4 {[%emt 0:08:05]} O-O {[%emt 0:00:18]} 10. O-O {[%emt 0:03:39]} h6 {[%emt 0:03:32]} 11. Bh4 {[%emt 0:01:03]} Qc7 {[%emt 0:07:32]} 12. h3 {[%emt 0:00:31]} Nh5 {[%emt 0:05:02]} 13. Bxe7 {[%emt 0:02:44]} Qxe7 {[%emt 0:00:21]} 14. Ne5 {[%emt 0:01:44]} dxe5 {[%emt 0:03:31]} 15. Qxh5 {[%emt 0:00:13]} f6 {[%emt 0:00:32]} 16. f4 {[%emt 0:05:17]} exf4 {[%emt 0:00:32]} 17. Rxf4 {[%emt 0:00:08]} Rad8 {[%emt 0:00:11]} 18. Qe2 {[%emt 0:00:14]} Qd7 {[%emt 0:00:24]} 19. Rf3 {[%emt 0:01:47]} Bxa4 {[%emt 0:00:41]} 20. b3 {[%emt 0:00:38]} Bc6 {[%emt 0:00:45]} 21. Rxa7 {[%emt 0:00:22]} Bb5 {[%emt 0:00:16]} 22. Ra2 {[%emt 0:06:11]} Bxd3 {[%emt 0:03:21]} 23. Qe3 {[%emt 0:00:03]} Qc7 {[%emt 0:07:54]} 24. Rg3 {[%emt 0:03:56]} Bb5 {[%emt 0:00:51]} 25. c4 {[%emt 0:00:21]} Bc6 {[%emt 0:00:21]} 26. Rg4 {[%emt 0:00:03]} f5 {[%emt 0:01:18]} 27. exf5 {[%emt 0:01:29]} exf5 {[%emt 0:00:08]} 28. Qe6+ {[%emt 0:08:29]} Kh8 {[%emt 0:00:58]} 29. Rh4 {[%emt 0:00:14]} Qg3 {[%emt 0:01:38]} 30. Nf3 {[%emt 0:04:23]} Rd1+ {[%emt 0:00:21]} 0-1

[Event "Karnataka State Open-ch 2018"]
[Site "Bengaluru"]
[Date "2018.04.15"]
[Round "4"]
[White "Gajanan D"]
[Black "Kulkarni, Vinayak"]
[Result "0-1"]
[WhiteElo "1538"]
[BlackElo "2179"]
[Annotator "RC"]
[PlyCount "90"]
[EventDate "2018.??.??"]
[EventType "swiss"]
[EventCountry "IND"]
[SourceTitle "playchess.com"]
[Source "ChessBase"]
[SourceQuality "1"]
[TimeControl "5400+30"]

1. d4 {[%emt 0:00:00]} Nf6 {[%emt 0:00:19]} 2. Nf3 {[%emt 0:00:00]} c5 {[%emt 0:00:59]} 3. e3 {[%emt 0:00:00]} g6 {[%emt 0:01:05]} 4. Be2 {[%emt 0:01:57]} Bg7 {[%emt 0:01:20]} 5. O-O {[%emt 0:04:40]} O-O {[%emt 0:01:05]} 6. b3 {[%emt 0:01:06]} cxd4 {[%emt 0:01:36]} 7. exd4 {[%emt 0:00:04]} d5 {[%emt 0:00:46]} 8. Bb2 Nc6 {[%emt 0:01:37]} 9. a3 {[%emt 0:04:10]} Be6 {[%emt 0:09:51]} 10. b4 {[%emt 0:04:29]} Rc8 {[%emt 0:01:52]} 11. Nbd2 {[%emt 0:01:33]} Ne4 {[%emt 0:01:41]} 12. Nb3 {[%emt 0:06:27]} Nd6 {[%emt 0:08:00]} 13. Bd3 {[%emt 0:19:55]} Bf5 {[%emt 0:08:34]} 14. Bc1 {[%emt 0:11:43]} Be4 {[%emt 0:05:27]} 15. Be3 {[%emt 0:06:17]} Nf5 {[%emt 0:05:03]} 16. Qd2 {[%emt 0:05:39]} Nd6 {[%emt 0:11:27]} 17. Ng5 {[%emt 0:05:04]} Bxd3 {[%emt 0:01:42]} 18. cxd3 {[%emt 0:00:42]} Nf5 {[%emt 0:04:13]} 19. Nf3 {[%emt 0:00:51]} b6 {[%emt 0:02:24]} 20. Rac1 {[%emt 0:01:24]} e5 {[%emt 0:02:28]} 21. b5 {[%emt 0:03:20]} Ncxd4 {[%emt 0:01:05]} 22. Bxd4 {[%emt 0:04:26]} exd4 {[%emt 0:00:56]} 23. Rxc8 {[%emt 0:00:32]} Qxc8 {[%emt 0:00:08]} 24. Qb4 {[%emt 0:00:27]} Qc3 {[%emt 0:01:50]} 25. g4 {[%emt 0:03:22]} Nh6 {[%emt 0:04:42]} 26. Nbxd4 {[%emt 0:00:54]} Qxd3 {[%emt 0:01:34]} 27. h3 Bxd4 28. Nxd4 {[%emt 0:00:19]} Qxh3 {[%emt 0:03:09]} 29. f3 {[%emt 0:00:08]} Qg3+ {[%emt 0:01:55]} 30. Kh1 {[%emt 0:00:12]} Re8 {[%emt 0:00:44]} 31. Qd2 {[%emt 0:01:30]} Qh3+ {[%emt 0:04:05]} 32. Kg1 {[%emt 0:00:08]} f5 {[%emt 0:00:35]} 33. Nc6 {[%emt 0:07:11]} fxg4 {[%emt 0:01:42]} 34. Qxd5+ {[%emt 0:00:23]} Nf7 {[%emt 0:00:23]} 35. fxg4 {[%emt 0:02:36]} Qxg4+ {[%emt 0:00:23]} 36. Kh1 {[%emt 0:00:51]} Qh4+ {[%emt 0:02:26]} 37. Kg1 {[%emt 0:00:21]} Qg5+ {[%emt 0:00:16]} 38. Qxg5 {[%emt 0:00:57]} Nxg5 {[%emt 0:00:05]} 39. Rd1 {[%emt 0:00:35]} Nf3+ {[%emt 0:02:19]} 40. Kf2 {[%emt 0:00:09]} Ne5 {[%emt 0:00:32]} 41. Nxe5 {[%emt 0:00:45]} Rxe5 {[%emt 0:00:08]} 42. Rd7 {[%emt 0:00:03]} Rxb5 {[%emt 0:00:42]} 43. Rxa7 {[%emt 0:00:11]} Ra5 {[%emt 0:00:24]} 44. Rb7 {[%emt 0:00:45]} Rxa3 {[%emt 0:00:20]} 45. Rxb6 {[%emt 0:00:05]} Kg7 0-1

[Event "Karnataka State Open-ch 2018"]
[Site "Bengaluru"]
[Date "2018.04.15"]
[Round "4"]
[White "Shivanth M"]
[Black "Hegde, Ravi Gopal"]
[Result "0-1"]
[WhiteElo "1527"]
[BlackElo "2139"]
[Annotator "NA"]
[PlyCount "86"]
[EventDate "2018.??.??"]
[EventType "swiss"]
[EventCountry "IND"]
[SourceTitle "playchess.com"]
[Source "ChessBase"]
[SourceQuality "1"]
[TimeControl "5400+30"]

1. e4 {[%emt 0:00:00]} g6 {[%emt 0:00:27]} 2. d4 {[%emt 0:00:06]} Bg7 {[%emt 0:00:08]} 3. Nc3 {[%emt 0:00:07]} d6 {[%emt 0:00:43]} 4. f4 {[%emt 0:00:11]} Nf6 {[%emt 0:01:16]} 5. Nf3 {[%emt 0:00:27]} O-O {[%emt 0:00:15]} 6. Be3 {[%emt 0:01:23]} b6 {[%emt 0:00:08]} 7. Bd3 {[%emt 0:03:06]} Bb7 {[%emt 0:00:22]} 8. Qd2 {[%emt 0:00:41]} c5 {[%emt 0:00:06]} 9. e5 {[%emt 0:03:52]} Ng4 {[%emt 0:01:29]} 10. O-O {[%emt 0:11:32]} cxd4 {[%emt 0:00:43]} 11. Bxd4 {[%emt 0:00:20]} Nc6 {[%emt 0:01:18]} 12. Be4 {[%emt 0:05:04]} dxe5 {[%emt 0:00:16]} 13. Bxc6 {[%emt 0:01:54]} Bxc6 {[%emt 0:00:09]} 14. Nxe5 {[%emt 0:01:45]} Nxe5 {[%emt 0:00:26]} 15. fxe5 {[%emt 0:00:06]} Bxe5 {[%emt 0:00:16]} 16. Rad1 {[%emt 0:00:08]} Bxd4+ {[%emt 0:00:23]} 17. Qxd4 {[%emt 0:00:08]} Qxd4+ {[%emt 0:00:05]} 18. Rxd4 {[%emt 0:00:07]} Rfd8 {[%emt 0:00:27]} 19. Rfd1 {[%emt 0:00:59]} Rxd4 {[%emt 0:00:17]} 20. Rxd4 {[%emt 0:00:09]} Kf8 {[%emt 0:00:48]} 21. Rc4 {[%emt 0:02:44]} Bd7 {[%emt 0:00:14]} 22. Rc7 {[%emt 0:02:53]} Ke8 {[%emt 0:00:08]} 23. Nd5 {[%emt 0:01:58]} Kd8 {[%emt 0:00:19]} 24. Rc3 {[%emt 0:00:10]} Rc8 {[%emt 0:00:17]} 25. Rxc8+ {[%emt 0:07:13]} Bxc8 {[%emt 0:01:50]} 26. Ne3 {[%emt 0:00:21]} Kc7 {[%emt 0:00:28]} 27. c3 {[%emt 0:01:52]} e5 {[%emt 0:00:22]} 28. g4 {[%emt 0:00:33]} Be6 {[%emt 0:00:12]} 29. a3 {[%emt 0:00:25]} f5 {[%emt 0:00:05]} 30. gxf5 {[%emt 0:01:11]} gxf5 {[%emt 0:00:08]} 31. Kf2 {[%emt 0:00:32]} Kd6 {[%emt 0:00:20]} 32. Kf3 {[%emt 0:00:52]} f4 {[%emt 0:00:55]} 33. Nd1 {[%emt 0:00:45]} Bd5+ {[%emt 0:00:15]} 34. Kg4 {[%emt 0:00:20]} Be6+ {[%emt 0:00:42]} 35. Kf3 {[%emt 0:00:22]} Bf5 {[%emt 0:00:18]} 36. Nf2 {[%emt 0:00:10]} Kd5 {[%emt 0:00:06]} 37. b3 {[%emt 0:01:49]} a5 {[%emt 0:00:21]} 38. h4 {[%emt 0:00:35]} h5 {[%emt 0:00:10]} 39. b4 {[%emt 0:00:16]} Kc4 {[%emt 0:00:19]} 40. Ne4 {[%emt 0:00:35]} Bxe4+ {[%emt 0:00:12]} 41. Kxe4 {[%emt 0:00:02]} Kxc3 {[%emt 0:00:08]} 42. b5 {[%emt 0:00:08]} Kc4 {[%emt 0:00:07]} 43. a4 {[%emt 0:00:04]} Kc5 {[%emt 0:00:13]} 0-1

[Event "Karnataka State Open-ch 2018"]
[Site "Bengaluru"]
[Date "2018.04.15"]
[Round "4"]
[White "Kalki Eshwar D"]
[Black "Gavi, Siddayya"]
[Result "1-0"]
[WhiteElo "1515"]
[BlackElo "1993"]
[Annotator "NA"]
[PlyCount "89"]
[EventDate "2018.??.??"]
[EventType "swiss"]
[EventCountry "IND"]
[SourceTitle "playchess.com"]
[Source "ChessBase"]
[SourceQuality "1"]
[TimeControl "5400+30"]

1. e4 {[%emt 0:00:00]} e5 {[%emt 0:00:08]} 2. Bc4 {[%emt 0:00:00]} Nf6 {[%emt 0:00:09]} 3. d3 {[%emt 0:00:00]} c6 {[%emt 0:00:12]} 4. Nf3 {[%emt 0:00:02]} Be7 {[%emt 0:00:19]} 5. O-O {[%emt 0:00:21]} d6 {[%emt 0:00:10]} 6. a3 {[%emt 0:01:02] C24: Bishop's Opening: 2...Nf6} (6. c3 O-O 7. Bb3 Nbd7 8. Nbd2 d5 9. exd5 cxd5 10. Re1 Bd6 11. Nf1 h6 12. Ng3 Re8 13. d4 e4 14. Nh4 Nf8 15. Nhf5 {½-½ (67) Wang,H (2702)-Kuzubov,Y (2652) Tbilisi 2017}) 6... O-O {[%emt 0:00:33]} 7. Re1 {[%emt 0:00:11]} Nbd7 {[%emt 0:03:32]} 8. h3 $146 {[%emt 0:00:16]} ({Predecessor:} 8. Nbd2 Nc5 9. Nf1 Re8 10. Ng3 Bf8 11. Ba2 Be6 12. b4 Bxa2 13. Rxa2 Ne6 {1-0 (52) Nevednichy,V (2524)-Firat,B (2480) Izmir 2017}) 8... b5 {[%emt 0:01:08]} 9. Ba2 {[%emt 0:00:03]} a5 {[%emt 0:00:30]} 10. c3 {[%emt 0:00:51]} Qc7 {[%emt 0:00:33]} 11. Nbd2 {[%emt 0:01:04]} Nc5 {[%emt 0:00:54]} 12. Nf1 {[%emt 0:00:23]} Be6 {[%emt 0:00:40]} 13. Ng3 {[%emt 0:00:38]} Bxa2 {[%emt 0:03:28]} 14. Rxa2 {[%emt 0:00:29]} a4 {[%emt 0:00:34]} 15. d4 {[%emt 0:04:01]} Ne6 {[%emt 0:00:27]} 16. Ra1 {[%emt 0:00:50]} g6 {[%emt 0:00:44]} 17. Be3 {[%emt 0:02:18]} c5 {[%emt 0:03:59]} 18. Qe2 {[%emt 0:03:59]} Rfb8 {[%emt 0:01:54]} 19. Rac1 {[%emt 0:02:20]} Bf8 {[%emt 0:02:17]} 20. d5 {[%emt 0:01:08]} Ng7 {[%emt 0:03:55]} 21. Bg5 {[%emt 0:01:46]} Nd7 {[%emt 0:01:18]} 22. h4 {[%emt 0:00:53]} Ne8 {[%emt 0:05:20]} 23. h5 {[%emt 0:01:23]} h6 {[%emt 0:01:06]} 24. hxg6 {[%emt 0:00:31]} fxg6 {[%emt 0:00:17]} 25. Bd2 {[%emt 0:00:53]} Ndf6 {[%emt 0:01:01]} 26. Nh2 {[%emt 0:02:02]} Qh7 {[%emt 0:03:53]} 27. Rcd1 {[%emt 0:05:56]} Ra7 {[%emt 0:04:19]} 28. f4 {[%emt 0:00:35]} exf4 {[%emt 0:01:28]} 29. Bxf4 {[%emt 0:00:15]} g5 {[%emt 0:00:17]} 30. Bc1 {[%emt 0:01:35]} Re7 {[%emt 0:00:26]} 31. Qf2 {[%emt 0:07:06]} Nxe4 {[%emt 0:04:17]} 32. Rxe4 {[%emt 0:00:08]} Rxe4 {[%emt 0:00:11]} 33. Rf1 {[%emt 0:00:26]} Be7 {[%emt 0:03:46]} 34. Nxe4 {[%emt 0:00:16]} Qxe4 {[%emt 0:00:15]} 35. Qf7+ {[%emt 0:00:10]} Kh8 {[%emt 0:00:27]} 36. Ng4 {[%emt 0:00:55]} Ng7 $1 {[%emt 0:04:31]} 37. Nf6 {[%emt 0:00:58]} Bxf6 $1 {[%emt 0:03:52]} 38. Qxf6 {[%emt 0:01:14]} Qxd5 $2 {[%emt 0:02:32]} (38... Kh7 $11 {and Black stays safe.}) 39. Qxh6+ {[%emt 0:00:06]} Kg8 {[%emt 0:00:05]} 40. Bxg5 {[%emt 0:00:16]} Rf8 $2 {[%emt 0:04:55]} (40... Qe4 41. Qxd6 Re8 42. Qxc5 Qe5 43. Qxe5 Rxe5) 41. Rxf8+ $2 {[%emt 0:03:53]} (41. Bf6 $18 {[%csl Gf6][%cal Rh6g7]} Rf7 42. Rf3) 41... Kxf8 {[%emt 0:00:02] [#]} 42. Bf6 $1 {[%emt 0:00:20]} Qd1+ $2 {[%emt 0:00:24]} (42... Qg8 43. c4 bxc4) 43. Kf2 {[%emt 0:00:08]} Qc2+ {[%emt 0:00:42]} 44. Kg3 {[%emt 0:00:38]} Qd3+ $18 {[%emt 0:03:38]} 45. Kh2 {[%emt 0:00:11]} 1-0

[Event "Karnataka State Open-ch 2018"]
[Site "Bengaluru"]
[Date "2018.04.15"]
[Round "4"]
[White "Shiva Chethan Halamane"]
[Black "Isha, Sharma"]
[Result "0-1"]
[WhiteElo "1477"]
[BlackElo "1926"]
[Annotator "NA"]
[PlyCount "100"]
[EventDate "2018.??.??"]
[EventType "swiss"]
[EventCountry "IND"]
[SourceTitle "playchess.com"]
[Source "ChessBase"]
[SourceQuality "1"]
[TimeControl "5400+30"]

1. d4 {[%emt 0:00:00]} d6 {[%emt 0:01:20]} 2. c4 {[%emt 0:00:00]} e5 {[%emt 0:00:04]} 3. dxe5 {[%emt 0:07:01]} dxe5 {[%emt 0:00:07]} 4. Qxd8+ {[%emt 0:00:16]} Kxd8 {[%emt 0:00:07]} 5. Nf3 {[%emt 0:00:31]} Nc6 {[%emt 0:00:12] A41: 1 d4 d6: Tartakower System and Modern Defence} (5... f6 6. Nc3 Be6 7. e4 Nd7 8. Be3 c6 9. a3 Bc5 10. Bxc5 Nxc5 11. O-O-O+ Kc7 12. b4 Nd7 13. Kb2 Nh6 14. Be2 a5 15. c5 axb4 16. axb4 {½-½ (30) Charkhalashvili,I (2348)-Oleksienko,M (2621) Dubai 2018}) 6. a3 {[%emt 0:11:20]} Be6 {[%emt 0:00:54]} 7. e3 {[%emt 0:02:07]} a5 $146 {[%emt 0:01:12]} ({Find the theoretical novelty and annotate with similar games:} 7... f6 8. b4 a5 9. b5 Nb8 10. Nc3 Nd7 11. Na4 Ne7 12. Be2 Nc8 13. O-O {½-½ (48) Salanki,E (2248)-Sandor,J (2164) Hungary 1999}) 8. b3 {[%emt 0:02:49]} Nf6 {[%emt 0:03:49]} 9. Nc3 {[%emt 0:06:06]} h6 {[%emt 0:02:48]} 10. Bb2 {[%emt 0:05:14]} Nd7 {[%emt 0:01:35]} 11. O-O-O {[%emt 0:05:40]} Kc8 {[%emt 0:00:05]} 12. e4 {[%emt 0:05:57]} Bc5 {[%emt 0:01:36]} 13. Rd2 {[%emt 0:01:29]} g5 {[%emt 0:00:34]} 14. h3 {[%emt 0:01:59]} f6 {[%emt 0:04:17]} 15. Bd3 {[%emt 0:03:25]} h5 {[%emt 0:08:34]} 16. Bc2 {[%emt 0:04:34]} Ne7 {[%emt 0:04:20]} 17. Nd5 {[%emt 0:03:07]} c6 {[%emt 0:02:08]} 18. Nxe7+ {[%emt 0:05:54]} Bxe7 {[%emt 0:00:05]} 19. h4 {[%emt 0:04:15]} g4 {[%emt 0:01:06]} 20. Nh2 {[%emt 0:00:36] [#]} a4 $1 {[%emt 0:00:59]} 21. b4 {[%emt 0:05:30]} Bxc4 {[%emt 0:01:23]} 22. Rhd1 {[%emt 0:00:05]} Nb6 {[%emt 0:01:08]} 23. Nf1 {[%emt 0:02:24]} Be6 {[%emt 0:04:35]} 24. g3 {[%emt 0:03:06]} Nc4 {[%emt 0:02:22]} 25. Rd3 {[%emt 0:01:12]} b5 {[%emt 0:01:35]} 26. Nd2 {[%emt 0:04:07]} Nd6 {[%emt 0:05:21]} 27. Re3 {[%emt 0:04:10]} Kc7 {[%emt 0:01:42]} 28. Nb1 $2 {[%emt 0:00:32]} (28. Kb1) 28... Bf8 {[%emt 0:01:08]} 29. Rc3 {[%emt 0:02:06]} Bh6+ {[%emt 0:00:11]} 30. Nd2 {[%emt 0:00:40]} Nc4 {[%emt 0:00:05]} 31. Rd3 {[%emt 0:01:23]} Rad8 {[%emt 0:00:10]} 32. Bc3 {[%emt 0:01:21]} Nxa3 {[%emt 0:01:40]} 33. Kb2 {[%emt 0:02:34]} Bxd2 {[%emt 0:01:08]} 34. Kxa3 {[%emt 0:01:02]} Rxd3 {[%emt 0:00:06]} 35. Bxd3 {[%emt 0:00:37]} Bxc3 {[%emt 0:00:05]} 36. Bxb5 {[%emt 0:00:11]} Bxb4+ {[%emt 0:01:20]} 37. Kxb4 {[%emt 0:00:03]} cxb5 {[%emt 0:00:05]} 38. Kxb5 {[%emt 0:00:16]} Rb8+ {[%emt 0:00:06]} 39. Ka5 {[%emt 0:00:55]} a3 {[%emt 0:00:08]} 40. Ra1 {[%emt 0:00:08]} a2 {[%emt 0:00:04]} 41. Ka4 {[%emt 0:00:02]} Rb1 {[%emt 0:00:07]} 42. Rxa2 {[%emt 0:00:06]} Bxa2 {[%emt 0:00:05]} 43. Ka3 {[%emt 0:00:05]} Be6 {[%emt 0:00:09]} 44. Ka4 {[%emt 0:00:02]} Kc6 {[%emt 0:00:10]} 45. Ka5 {[%emt 0:00:26]} Bc4 {[%emt 0:00:09]} 46. Ka4 {[%emt 0:00:04]} Kc5 {[%emt 0:00:16]} 47. Ka3 {[%emt 0:00:05]} Rb6 {[%emt 0:02:24]} 48. f4 {[%emt 0:00:20]} Kd4 {[%emt 0:00:08]} 49. fxe5 {[%emt 0:00:24]} Kc3 {[%emt 0:00:06]} 50. exf6 {[%emt 0:00:04]} Ra6# {[%emt 0:00:04]} 0-1

[Event "Karnataka State Open-ch 2018"]
[Site "Bengaluru"]
[Date "2018.04.15"]
[Round "4"]
[White "Sanjana Raghunath"]
[Black "Raghavendra, V."]
[Result "1-0"]
[WhiteElo "1472"]
[BlackElo "1898"]
[Annotator "NA RC"]
[PlyCount "123"]
[EventDate "2018.??.??"]
[EventType "swiss"]
[EventCountry "IND"]
[SourceTitle "playchess.com"]
[Source "ChessBase"]
[SourceQuality "1"]
[TimeControl "5400+30"]

1. d4 {[%emt 0:00:00]} Nf6 {[%emt 0:02:04]} 2. Bf4 {[%emt 0:00:02]} g6 {[%emt 0:00:04]} 3. Nc3 {[%emt 0:00:11]} d5 {[%emt 0:00:35] A45: Trompowsky Attack} 4. e3 {[%emt 0:00:18]} Bg7 {[%emt 0:00:15]} 5. h4 {[%emt 0:00:50]} c6 {[%emt 0:00:17]} (5... h5 6. Nf3 Bg4 7. Be2 Bxf3 8. Bxf3 c6 9. Qd2 Nbd7 10. O-O-O b5 11. Kb1 {½-½ (34) Aronian,L (2797)-Vachier Lagrave,M (2793) Caleta 2018}) 6. Be2 {[%emt 0:00:31]} h6 {[%emt 0:01:17]} 7. Nf3 {[%emt 0:00:24]} Nbd7 {[%emt 0:00:44]} 8. Ne5 {[%emt 0:03:45]} Qa5 $146 {[%emt 0:01:36]} ({Predecessor:} 8... Qb6 9. a3 Nxe5 10. Bxe5 h5 11. b4 {0-1 (38) Kozionov,K (2423)-Urazayev,A (2346) Moscow 2018}) 9. Qd2 {[%emt 0:02:35]} Nxe5 {[%emt 0:00:36]} 10. Bxe5 {[%emt 0:00:33]} b5 {[%emt 0:01:40]} 11. a3 {[%emt 0:02:35]} O-O {[%emt 0:00:35]} 12. f3 {[%emt 0:03:19]} Nd7 {[%emt 0:01:27]} 13. Bxg7 {[%emt 0:03:25]} Kxg7 {[%emt 0:00:03]} 14. h5 {[%emt 0:02:14]} g5 {[%emt 0:01:08]} 15. g4 {[%emt 0:00:39]} b4 {[%emt 0:02:43]} 16. Na2 {[%emt 0:00:38]} Qc7 {[%emt 0:01:35]} 17. Nxb4 {[%emt 0:01:11]} Qg3+ {[%emt 0:01:11]} 18. Kd1 {[%emt 0:00:36]} Rb8 {[%emt 0:01:31]} 19. Nxc6 {[%emt 0:03:20]} Rxb2 {[%emt 0:00:27]} 20. Nb4 {[%emt 0:00:09]} Nb6 {[%emt 0:06:28]} 21. Kc1 {[%emt 0:02:48]} Rxb4 {[%emt 0:03:21]} 22. axb4 {[%emt 0:00:39]} Nc4 {[%emt 0:02:00]} 23. Bxc4 {[%emt 0:00:38]} dxc4 {[%emt 0:00:34]} 24. Rf1 {[%emt 0:02:34]} Bb7 {[%emt 0:03:52]} 25. e4 {[%emt 0:02:16]} a6 {[%emt 0:01:22]} 26. c3 {[%emt 0:00:30]} Rd8 {[%emt 0:02:45]} 27. Qe3 {[%emt 0:01:30]} Rd6 {[%emt 0:03:19]} 28. Ra5 {[%emt 0:02:50]} Bc8 {[%emt 0:01:36]} 29. e5 {[%emt 0:02:12]} Re6 {[%emt 0:01:57]} 30. Qe4 {[%emt 0:05:51]} Bd7 {[%emt 0:01:16]} 31. Re1 {[%emt 0:00:36]} Bb5 {[%emt 0:00:58]} 32. d5 {[%emt 0:00:50]} Rb6 {[%emt 0:00:05]} 33. Rd1 {[%emt 0:02:29]} Kg8 {[%emt 0:04:10]} 34. Kb1 {[%emt 0:03:13]} Rb8 {[%emt 0:02:37]} 35. e6 {[%emt 0:00:22]} Rf8 {[%emt 0:01:30]} 36. Ra2 {[%emt 0:03:21]} Kh8 {[%emt 0:04:27]} 37. Qf5 {[%emt 0:02:00]} Kg8 {[%emt 0:02:06]} 38. Rf1 {[%emt 0:05:44]} Qf4 {[%emt 0:00:42]} 39. Qxf4 {[%emt 0:00:53]} gxf4 {[%emt 0:00:03]} 40. Re2 {[%emt 0:00:52]} Rd8 {[%emt 0:06:44]} 41. exf7+ {[%emt 0:01:33]} Kxf7 {[%emt 0:00:04]} 42. Re5 {[%emt 0:00:18]} Kf8 {[%emt 0:03:42]} 43. Rfe1 {[%emt 0:00:27]} Be8 {[%emt 0:04:10]} 44. Rf5+ {[%emt 0:01:24]} Bf7 {[%emt 0:00:03]} 45. Ree5 {[%emt 0:00:21]} Ke8 {[%emt 0:00:15]} 46. Rxf4 {[%emt 0:00:20]} Bxd5 {[%emt 0:00:35]} 47. Ref5 {[%emt 0:00:36]} Rd6 {[%emt 0:01:12]} 48. Rd4 {[%emt 0:01:24]} e6 {[%emt 0:00:31]} 49. Re5 {[%emt 0:00:17]} Kf7 {[%emt 0:01:29]} 50. f4 {[%emt 0:00:21]} Kf6 {[%emt 0:00:17]} 51. Re1 {[%emt 0:00:24]} Rd8 {[%emt 0:01:36]} 52. Rg1 {[%emt 0:02:35]} Rg8 {[%emt 0:01:14] [#]} 53. g5+ $1 {[%emt 0:01:34]} hxg5 {[%emt 0:01:43]} 54. fxg5+ {[%emt 0:00:06]} Rxg5 {[%emt 0:02:26]} 55. Rf4+ {[%emt 0:00:04]} Rf5 {[%emt 0:00:07]} 56. Rxf5+ {[%emt 0:01:17]} exf5 {[%emt 0:00:02]} 57. h6 {[%emt 0:00:35]} f4 {[%emt 0:01:12]} 58. Kc1 {[%emt 0:00:16]} Be4 {[%emt 0:00:21]} 59. Rg4 {[%emt 0:00:31]} (59. Kd2 $142 Bg6 60. Ra1) 59... Ke5 {[%emt 0:00:44]} 60. Rg7 {[%emt 0:00:46]} Kf6 {[%emt 0:00:25]} 61. Rd7 $18 {[%emt 0:00:59]} (61. Ra7 $142 Ke6 62. h7 Bxh7 63. Rxh7 Kd6 64. Rh6+ Ke7 65. Rxa6 Kd7 66. Rf6) 61... Ke6 {[%emt 0:01:57] [#]} 62. h7 $1 {[%emt 0:00:22]} 1-0